[Event "COL-ch"]
[Site "Cartagena"]
[Date "2023.06.09"]
[Round "4"]
[White "Martinez Romero, Martin"]
[Black "Corredor Rengifo, Luis Fernando"]
[Result "1/2-1/2"]
[WhiteElo "2412"]
[BlackElo "2140"]
[PlyCount "120"]
[EventDate "2023.06.08"]
[EventType "swiss"]
[EventRounds "9"]
[EventCountry "COL"]
[SourceTitle "CBM 215 Extra"]
[Source "ChessBase"]
[SourceDate "2023.09.30"]
[SourceVersion "1"]
[SourceVersionDate "2023.09.30"]
[SourceQuality "1"]

1. d4 Nf6 2. c4 e6 3. Nf3 Bb4+ 4. Nc3 Ne4 5. Qc2 f5 6. e3 b6 7. Bd3 Bb7 8. 0-0 Nxc3 9. bxc3 Bd6 10. e4 0-0 11. c5 bxc5 12. Rb1 Ba6 13. Bxa6 Nxa6 14. e5 Be7 15. d5 Qc8 16. Qd3 Rb8 17. Bg5 Bxg5 18. Nxg5 h6 19. Nh3 f4 20. f3 Rb6 21. Qc4 exd5 22. Qxd5+ Re6 23. Qc4 g5 24. Nf2 Kg7 25. Nd3 d6 26. Rfe1 Rfe8 27. Re4 Nb8 28. exd6 Rxe4 29. fxe4 cxd6 30. e5 dxe5 31. Nxc5 Re7 32. Qd5 Qc6 33. c4 Qe8 34. Ne4 Nc6 35. Nd6 Qg6 36. Rb2 Nd4 37. Rb7 Rxb7 38. Qxb7+ Kf6 39. Ne4+ Kf5 40. c5 g4 41. Kf2 h5 42. Nd6+ Kf6 43. Ne4+ Kf5 44. Ke1 h4 45. Nd6+ Kg5 46. Ne4+ Kf5 47. Nd6+ Ke6 48. Ne4 Kf5 49. Nd6+ Ke6 50. Qb8 f3 51. Qc8+ Kd5 52. Qb7+ Ke6 53. Qc8+ Kd5 54. Qb7+ Ke6 55. Qe7+ Kd5 56. Qb7+ Nc6 57. gxf3 gxf3 58. Qb3+ Kxc5 59. Nb7+ Kd4 60. Qa4+ Ke3 1/2-1/2

[Event "Liga Vallecaucana"]
[Site "Cali"]
[Date "2022.04.02"]
[Round "6.1"]
[White "Martinez Romero, Martin"]
[Black "Vanegas, Jhonny"]
[Result "1/2-1/2"]
[WhiteElo "2409"]
[BlackElo "2151"]
[PlyCount "30"]
[EventDate "2022.03.30"]
[EventType "schev"]
[EventRounds "7"]
[EventCountry "COL"]
[SourceTitle "EXT 2023"]
[Source "ChessBase"]
[SourceDate "2022.10.05"]
[SourceVersion "1"]
[SourceVersionDate "2022.10.05"]
[SourceQuality "1"]
[WhiteTeam "Equipo B"]
[BlackTeam "Equipo A"]
[WhiteTeamCountry "COL"]
[BlackTeamCountry "COL"]

1. e4 e5 2. Nf3 Nc6 3. d4 exd4 4. Bc4 Nf6 5. e5 d5 6. Bb5 Ne4 7. Nxd4 Bc5 8. Bxc6+ bxc6 9. Be3 Ba6 10. Nd2 Bxd4 11. Bxd4 Qg5 12. Nxe4 dxe4 13. Qd2 Qh5 14. Qd1 Qg5 15. Qd2 Qh5 1/2-1/2

[Event "Liga Vallecaucana"]
[Site "Cali"]
[Date "2022.03.31"]
[Round "3.1"]
[White "Gonzalez Velasco, Leandro"]
[Black "Martinez Romero, Martin"]
[Result "0-1"]
[WhiteElo "2019"]
[BlackElo "2409"]
[PlyCount "52"]
[EventDate "2022.03.30"]
[EventType "schev"]
[EventRounds "7"]
[EventCountry "COL"]
[SourceTitle "EXT 2023"]
[Source "ChessBase"]
[SourceDate "2022.10.05"]
[SourceVersion "1"]
[SourceVersionDate "2022.10.05"]
[SourceQuality "1"]
[WhiteTeam "Equipo A"]
[BlackTeam "Equipo B"]
[WhiteTeamCountry "COL"]
[BlackTeamCountry "COL"]

1. e4 c5 2. Nf3 e6 3. g3 Nc6 4. Bg2 Nge7 5. 0-0 a6 6. a4 g6 7. c3 Bg7 8. Qe2 0-0 9. Rd1 Qc7 10. Na3 d5 11. d4 cxd4 12. Nxd4 Nxd4 13. cxd4 Bd7 14. Bf4 Qd8 15. Nc2 dxe4 16. Bxe4 Bc6 17. Bg5 Bxe4 18. Bxe7 Qxe7 19. Qxe4 Rfe8 20. Ra3 Rac8 21. Rb3 Rc6 22. Ne3 Qd7 23. Rdd3 f5 24. Qf4 Rc1+ 25. Kg2 Qc6+ 26. Qf3 Rg1+ 0-1

[Event "Liga Vallecaucana"]
[Site "Cali"]
[Date "2022.03.31"]
[Round "2.1"]
[White "Martinez Romero, Martin"]
[Black "Campos, Cristian1111"]
[Result "1/2-1/2"]
[WhiteElo "2409"]
[BlackElo "1811"]
[PlyCount "28"]
[EventDate "2022.03.30"]
[EventType "schev"]
[EventRounds "7"]
[EventCountry "COL"]
[SourceTitle "EXT 2023"]
[Source "ChessBase"]
[SourceDate "2022.10.05"]
[SourceVersion "1"]
[SourceVersionDate "2022.10.05"]
[SourceQuality "1"]
[WhiteTeam "Equipo B"]
[BlackTeam "Equipo A"]
[WhiteTeamCountry "COL"]
[BlackTeamCountry "COL"]

1. d4 Nf6 2. c4 d6 3. Nc3 Bf5 4. f3 e5 5. d5 e4 6. g4 Nxg4 7. fxg4 Qh4+ 8. Kd2 e3+ 9. Kxe3 Qg5+ 10. Kf2 Qh4+ 11. Kg2 Qxg4+ 12. Kf2 Qh4+ 13. Ke3 Qg5+ 14. Kf2 Qh4+ 1/2-1/2

[Event "COL-ch Blitz"]
[Site "Villavicencio"]
[Date "2021.11.15"]
[Round "11"]
[White "Herrera, Juan Sebastian"]
[Black "Martinez Romero, Martin"]
[Result "0-1"]
[WhiteElo "2327"]
[BlackElo "2459"]
[PlyCount "96"]
[EventDate "2021.11.15"]
[EventType "swiss (blitz)"]
[EventRounds "13"]
[EventCountry "COL"]
[SourceTitle "CBM 205 Extra"]
[Source "ChessBase"]
[SourceDate "2022.01.31"]
[SourceVersion "1"]
[SourceVersionDate "2022.01.31"]
[SourceQuality "1"]

1. d4 d6 2. Nf3 Nd7 3. c4 g6 4. Nc3 Bg7 5. e4 e5 6. d5 Ne7 7. h4 h5 8. Bg5 0-0 9. Qd2 f6 10. Bh6 a5 11. Bd3 Nc5 12. Bc2 a4 13. Nh2 f5 14. Bxg7 Kxg7 15. f3 Ng8 16. 0-0-0 f4 17. Rdg1 Bd7 18. g3 fxg3 19. Rxg3 Qxh4 20. Qg2 Ne7 21. Kb1 Qf6 22. Ne2 b5 23. cxb5 Bxb5 24. Nc3 Bd7 25. Rg5 Kf7 26. Rg1 Rab8 27. Nf1 Ke8 28. Nd2 Kd8 29. Rf1 h4 30. f4 h3 31. Qg1 exf4 32. e5 dxe5 33. Nde4 Nxe4 34. Nxe4 Qb6 35. Qxb6 Rxb6 36. Rxe5 Nf5 37. Rxf4 h2 38. Rf1 Rh8 39. Rh1 Ne3 40. Ng5 Rxb2+ 41. Kxb2 Nc4+ 42. Kc3 Nxe5 43. Kd4 Rh5 44. Kxe5 Rxg5+ 45. Kf4 Rg2 46. Be4 Rxa2 47. Bxg6 a3 48. Kg3 Rb2 0-1

[Event "COL-ch"]
[Site "Cali"]
[Date "2021.09.19"]
[Round "11"]
[White "Arenas Vanegas, David"]
[Black "Martinez Romero, Martin"]
[Result "1/2-1/2"]
[WhiteElo "2455"]
[BlackElo "2409"]
[PlyCount "26"]
[EventDate "2021.09.14"]
[EventType "tourn"]
[EventRounds "11"]
[EventCountry "COL"]
[EventCategory "5"]
[SourceTitle "CBM 204 Extra"]
[Source "ChessBase"]
[SourceDate "2021.11.30"]
[SourceVersion "1"]
[SourceVersionDate "2021.11.30"]
[SourceQuality "1"]

1. e4 e5 2. Nf3 Nc6 3. Bb5 Nf6 4. 0-0 Nxe4 5. Re1 Nd6 6. Nxe5 Nxe5 7. Rxe5+ Be7 8. Bf1 0-0 9. d4 Bf6 10. Re1 Nf5 11. c3 d5 12. Nd2 Nh4 13. g3 Ng6 1/2-1/2

[Event "COL-ch"]
[Site "Cali"]
[Date "2021.09.16"]
[Round "5"]
[White "Palencia Morales, Wilson Guillermo"]
[Black "Martinez Romero, Martin"]
[Result "0-1"]
[WhiteElo "2369"]
[BlackElo "2409"]
[PlyCount "98"]
[EventDate "2021.09.14"]
[EventType "tourn"]
[EventRounds "11"]
[EventCountry "COL"]
[EventCategory "5"]
[SourceTitle "CBM 204 Extra"]
[Source "ChessBase"]
[SourceDate "2021.11.30"]
[SourceVersion "1"]
[SourceVersionDate "2021.11.30"]
[SourceQuality "1"]

1. d4 Nf6 2. Nf3 g6 3. Nc3 Bg7 4. e4 d6 5. Be3 c6 6. Qd2 b5 7. Bd3 0-0 8. Bh6 Bg4 9. Ng1 e5 10. dxe5 dxe5 11. h4 Nbd7 12. f3 Be6 13. g4 Nc5 14. Rd1 Qe7 15. h5 Bxh6 16. Qxh6 Rfe8 17. Nh3 Qf8 18. Qg5 Nfd7 19. Qe3 Rad8 20. hxg6 hxg6 21. Rd2 Nxd3+ 22. cxd3 Qc5 23. Qh6 Qf8 24. Qh4 Qg7 25. Rdh2 Nf8 26. Nf2 g5 27. Qh5 f6 28. Ne2 Ng6 29. Ng3 Nh4 30. Nf5 Nxf3+ 31. Ke2 Bxf5 32. Kxf3 Bg6 33. Qh3 Rd6 34. Qf1 Red8 35. Qd1 Qf7 36. Qc2 Kg7 37. b3 Qc7 38. Rh3 Qa5 39. R1h2 Qb4 40. Ke2 c5 41. Qc1 c4 42. Qh1 cxd3+ 43. Kf3 Kf7 44. Rh7+ Ke6 45. R7h6 d2 46. Rxg6 d1Q+ 47. Nxd1 Rd3+ 48. Ne3 Rxe3+ 49. Kxe3 Qc3+ 0-1

[Event "COL-ch"]
[Site "Cali"]
[Date "2021.09.15"]
[Round "3"]
[White "Valderrama Quiceno, Esteban Alberto"]
[Black "Martinez Romero, Martin"]
[Result "1/2-1/2"]
[WhiteElo "2444"]
[BlackElo "2409"]
[PlyCount "22"]
[EventDate "2021.09.14"]
[EventType "tourn"]
[EventRounds "11"]
[EventCountry "COL"]
[EventCategory "5"]
[SourceTitle "CBM 204 Extra"]
[Source "ChessBase"]
[SourceDate "2021.11.30"]
[SourceVersion "1"]
[SourceVersionDate "2021.11.30"]
[SourceQuality "1"]

1. e4 e5 2. Nf3 Nc6 3. Bc4 Nf6 4. d3 Bc5 5. 0-0 d6 6. c3 Bb6 7. a4 a6 8. Nbd2 0-0 9. Re1 Ne7 10. Nf1 Ng6 11. Ng3 c6 1/2-1/2

[Event "Medellin Aristizabal Cup"]
[Site "Medellin"]
[Date "2020.02.02"]
[Round "7"]
[White "Martinez Romero, Martin"]
[Black "Arenas Vanegas, David"]
[Result "1/2-1/2"]
[WhiteElo "2408"]
[BlackElo "2459"]
[PlyCount "25"]
[EventDate "2020.01.29"]
[EventType "swiss"]
[EventRounds "7"]
[EventCountry "COL"]
[SourceTitle "CBM 194 Extra"]
[Source "ChessBase"]
[SourceDate "2020.03.31"]
[SourceVersion "1"]
[SourceVersionDate "2020.03.31"]
[SourceQuality "1"]

1. e4 e5 2. Nf3 Nc6 3. Bb5 a6 4. Ba4 Nf6 5. 0-0 Be7 6. Re1 d6 7. c3 Bg4 8. h3 Bh5 9. d3 Nd7 10. Nbd2 Nc5 11. Bc2 Ne6 12. Nf1 Ng5 13. N1h2 1/2-1/2

[Event "Medellin Aristizabal Cup"]
[Site "Medellin"]
[Date "2020.02.02"]
[Round "6"]
[White "Soto, Cristian Camilo"]
[Black "Martinez Romero, Martin"]
[Result "1-0"]
[WhiteElo "2078"]
[BlackElo "2408"]
[PlyCount "65"]
[EventDate "2020.01.29"]
[EventType "swiss"]
[EventRounds "7"]
[EventCountry "COL"]
[SourceTitle "CBM 194 Extra"]
[Source "ChessBase"]
[SourceDate "2020.03.31"]
[SourceVersion "1"]
[SourceVersionDate "2020.03.31"]
[SourceQuality "1"]

1. c4 Nf6 2. Nc3 g6 3. g3 Bg7 4. Bg2 0-0 5. Nf3 d6 6. 0-0 e5 7. d3 c6 8. e4 Nbd7 9. b4 a6 10. a4 a5 11. b5 Nc5 12. Be3 Bg4 13. h3 Bxf3 14. Bxf3 Nfd7 15. Rb1 Ne6 16. Ne2 h5 17. Bg2 h4 18. f4 c5 19. f5 Nd4 20. Nc3 hxg3 21. Qg4 Kh7 22. Nd5 Nf6 23. Qh4+ Nh5 24. f6 Bh6 25. Rbe1 Nf4 26. Rxf4 g5 27. Rg4 gxh4 28. Rxh4 Re8 29. Bxh6 Kg6 30. Bg7 Rg8 31. Re3 Ne2+ 32. Rxe2 Rxg7 33. Rg4+ 1-0

[Event "COL-chT 21st"]
[Site "Cartagena"]
[Date "2019.11.30"]
[Round "7.2"]
[White "Escobar Forero, Alder"]
[Black "Martinez Romero, Martin"]
[Result "0-1"]
[WhiteElo "2521"]
[BlackElo "2469"]
[PlyCount "67"]
[EventDate "2019.11.30"]
[EventType "team-swiss"]
[EventRounds "9"]
[EventCountry "COL"]
[SourceTitle "CBM 195 Extra"]
[Source "ChessBase"]
[SourceDate "2020.05.31"]
[SourceVersion "1"]
[SourceVersionDate "2020.05.31"]
[SourceQuality "1"]
[WhiteTeam "Risaralda"]
[BlackTeam "Bolivar"]
[WhiteTeamCountry "COL"]
[BlackTeamCountry "COL"]

1. e4 c5 2. Nf3 e6 3. b3 Nc6 4. Bb2 d6 5. Bb5 Bd7 6. 0-0 Nf6 7. d3 Be7 8. Nbd2 0-0 9. a4 Qc7 10. Ng5 a6 11. Bxc6 Bxc6 12. f4 d5 13. Be5 Qd7 14. Qe2 b5 15. a5 Rad8 16. Rad1 Qe8 17. Rf3 h6 18. Rh3 Nd7 19. Bb2 e5 20. exd5 Bxd5 21. Nge4 f5 22. Ng3 exf4 23. Nh5 Bg5 24. Qxe8 Rdxe8 25. Bxg7 Rf7 26. Bb2 Rfe7 27. Kf1 Re2 28. Ne4 Rxc2 29. Rd2 Rxb2 30. Rxb2 fxe4 31. dxe4 Bxe4 32. Re2 Bg6 33. g4 Ne5 34. Rc3 0-1

[Event "COL-chT 21st"]
[Site "Cartagena"]
[Date "2019.11.30"]
[Round "2.2"]
[White "Martinez Romero, Martin"]
[Black "Martinez Zuluaica, Julian"]
[Result "1-0"]
[WhiteElo "2469"]
[BlackElo "2296"]
[PlyCount "75"]
[EventDate "2019.11.30"]
[EventType "team-swiss"]
[EventRounds "9"]
[EventCountry "COL"]
[SourceTitle "CBM 195 Extra"]
[Source "ChessBase"]
[SourceDate "2020.05.31"]
[SourceVersion "1"]
[SourceVersionDate "2020.05.31"]
[SourceQuality "1"]
[WhiteTeam "Bolivar"]
[BlackTeam "Santander"]
[WhiteTeamCountry "COL"]
[BlackTeamCountry "COL"]

1. d4 Nf6 2. Nf3 e6 3. c4 d5 4. Nc3 c6 5. e3 Bd6 6. Qc2 0-0 7. b3 Nbd7 8. Bd3 b6 9. cxd5 exd5 10. 0-0 Bb7 11. Bb2 Rc8 12. Rad1 Re8 13. Rfe1 Nf8 14. Ne2 c5 15. dxc5 bxc5 16. Bb5 Bc6 17. Bxc6 Rxc6 18. Ned4 Ra6 19. Nf5 Rxa2 20. Qb1 Ra6 21. Bxf6 Qxf6 22. Rxd5 Rb6 23. Qd3 Be7 24. e4 g6 25. Ne3 Reb8 26. e5 Qe6 27. Nd2 Qc6 28. Nec4 Rb4 29. h3 Bg5 30. Rd6 Qc7 31. Ne4 Rxb3 32. Qd5 Ne6 33. Rxe6 fxe6 34. Qxe6+ Qf7 35. Qxf7+ Kxf7 36. Nxg5+ Ke7 37. Ne3 Rb1 38. Kf1 1-0